Las religiones en nuestro tiempo (Registro nro. 44602)
[ vista simple ]
| 000 -ENCABEZADO | |
|---|---|
| Número de control [NR] | 00992nam a2200313Ia 4500 |
| 008 - DE LONGITUD FIJA DE DATOS DE ELEMENTOS - INFORMACIÓN GENERAL | |
| Elementos de longitud fija [NR] | 130821s2000 sp a gr spa |
| 020 ## - NUMERO INTERNACIONAL NORMALIZADO PARA LIBROS [R] | |
| Número Internacional Normalizado del libro [NR] | 8471516330 |
| 040 ## - FUENTE DE CATALOGACION [NR] | |
| Agencia de catalogación original [NR] | Co-BoUCM |
| Idioma de catalogación [NR] | spa |
| 041 00 - CODIGO DE IDIOMA [R] | |
| Código de idioma para texto/pista de sonido o título separado [R] | Español |
| 100 1# - ASIENTO PRINCIPAL--NOMBRE PERSONAL [NR] | |
| Nombre personal [NR] | Samuel, Albert |
| ID Autoridad | 161601 |
| 245 14 - MENCION DE TITULO [NR] | |
| Título [NR] | Las religiones en nuestro tiempo |
| Mención de responsabilidad, etc. [NR] | Albert Samuel; traducción Alfonso Ortiz |
| 250 ## - MENCION DE EDICION [NR] | |
| Mención de edición [NR] | 7a. ed. |
| 260 ## - PUBLICACION, DISTRIBUCION, ETC. (PIE DE IMPRENTA) [R] | |
| Lugar de publicación, distribución, etc. [R] | Navarra (España) |
| Nombre del editor, distribuidor, etc. [R] | Ediciones Verbo Divino |
| Fecha de publicación, distribución, etc. [R] | 2000 |
| 300 ## - DESCRIPCION FISICA [R] | |
| Extensión [R] | 218 páginas |
| Otros detalles físicos [NR] | ilustraciones, tablas, cuadros |
| 490 ## - MENCION DE SERIE [R] | |
| Mención de serie [R] | Para comprender |
| Designación numérica/secuencial del volumen [NR] | 24. |
| 504 ## - NOTA DE BIBLIOGRAFIA, ETC. [R] | |
| Nota de bibliografía, etc. [NR] | |
| 650 04 - ASIENTO SECUNDARIO DE MATERIA - TERMINO TEMATICO [R] | |
| Término temático o nombre geográfico como elemento de entrada [NR] | Animismo |
| 9 (RLIN) | 9121 |
| 650 04 - ASIENTO SECUNDARIO DE MATERIA - TERMINO TEMATICO [R] | |
| Término temático o nombre geográfico como elemento de entrada [NR] | Budismo |
| 9 (RLIN) | 10234 |
| 650 04 - ASIENTO SECUNDARIO DE MATERIA - TERMINO TEMATICO [R] | |
| Término temático o nombre geográfico como elemento de entrada [NR] | Cristianismo |
| 9 (RLIN) | 12174 |
| 650 04 - ASIENTO SECUNDARIO DE MATERIA - TERMINO TEMATICO [R] | |
| Término temático o nombre geográfico como elemento de entrada [NR] | Hinduismo |
| 9 (RLIN) | 16848 |
| 650 04 - ASIENTO SECUNDARIO DE MATERIA - TERMINO TEMATICO [R] | |
| Término temático o nombre geográfico como elemento de entrada [NR] | Islamismo |
| 9 (RLIN) | 18035 |
| 650 04 - ASIENTO SECUNDARIO DE MATERIA - TERMINO TEMATICO [R] | |
| Término temático o nombre geográfico como elemento de entrada [NR] | Judaísmo |
| 9 (RLIN) | 18093 |
| 650 04 - ASIENTO SECUNDARIO DE MATERIA - TERMINO TEMATICO [R] | |
| Término temático o nombre geográfico como elemento de entrada [NR] | Religiones |
| Subdivisión cronológica [R] | Siglo XX |
| 9 (RLIN) | 23519 |
| 650 04 - ASIENTO SECUNDARIO DE MATERIA - TERMINO TEMATICO [R] | |
| Término temático o nombre geográfico como elemento de entrada [NR] | Sectas |
| 9 (RLIN) | 24042 |
| 700 1# - ASIENTO SECUNDARIO - NOMBRE PERSONAL [R] | |
| Nombre personal [NR] | Ortiz, Alfonso. |
| Término de relación [R] | |
| 9 (RLIN) | 126943 |
| 765 14 - ASIENTO DE IDIOMA ORIGINAL [R] | |
| Título [NR] | Les religions aujourd' hui |
| 942 ## - ELEMENTOS DE ENTRADA AGREGADOS (KOHA) | |
| Tipo de ítem principal el descrito en 300a | Libro |
| Tema principal | Religión |
| Edición | 7 |
| Parte restante de la signatura top. | S193r |
| Sistema de clasificación | DEWEY |
| Clasificación | 291 |
| Fecha de último préstamo | Total préstamos | Total Renewals | Signatura topográfica | Código de barras | Última vez visto | Volúmen / Fascículo | Ejemplar | Price effective from | Tipo de ítem | Perdido | Sistema de clasificación | Dañado | No prestable | Tipo de ítem específico | Suprimido | Ubicación habitual | Ubicación actual | Localización | Fecha de creación | Forma de adquisición | Costo |
|---|---|---|---|---|---|---|---|---|---|---|---|---|---|---|---|---|---|---|---|---|---|
| 21/05/2018 | 35 | 7 | 291 S193r | 100070440 | 09/12/2025 | 7a. Ed. | Ej.1 | 03/02/2013 | Libro | DEWEY | Libro | Claustro | Claustro | 2do piso | 28/02/2004 | Compra | 48500.00 |